1895 1044 1052 1194 1171 1985 1638 1904 1802 1032 1645 1844 1353 1837 1683 1744 1772 1626 1411 1819 1372 1338 1843 1472 1156 1962 1430 1388 1831 1707 1836 1090 1240 1431 1537 1234 1053 1921 1814 1540 1897 1771 1307 1110 1384 1651 1269 1828 1458 1160 1508 1906 1967 1457 1217 1750 1498 1441 1679 1943 1368 1283 1334 1146 1368 1788 1702 1436 1518 1448 1890 1850 1718 1192 1842 1459 1728 1848 1853 1854 1301 1095 1333 1671 1425 1588 1315 1702 1728 1429 1028 1781 1631 1818 1623 1704 1311 1927 1332 BCNSPRNW ULIB Ver.6.0+V

เปลี่ยนเป็นภาษาไทย

Change to English
 แสดงรายละเอียดบรรณานุกรม
  กลับหน้าหลัก

Brief Record : Get Marc (ISO 2709) : E-mail record : QR code < ปิดหน้าต่าง
LEADER : 00000nam 2200000uu 4500
001    13399124759
003     ULIB
008    160225s2548||||th 000 0 tha d
020    9789749345832
090    นว.^bน494ร
100 0  นายา
245 00 รักที่กลับคืน^cนายา
250    พิมพ์ครั้งที่ 2
260    กรุงเทพฯ:^bพิมพ์ดี,^c2548
300    484 หน้า
945    ^p300^l0^i000321
999    ^aเกษร โพธิ์สุวรรณ
รายการนี้ยังไม่มีแท็ก
คุณยังไม่ได้ล็อกอิน คุณสามารถมีกิจกรรมร่วมกับเว็บไซต์ได้ แต่ต้องล็อกอินก่อน ::
  ล็อกอิน

รายการสื่อสารสนเทศ

ลำดับที่ ประเภท เลขเรียก/บาร์โค้ด สถานที่ สถานะ
1. วิทยาศาสตร์การแพทย์ และสุขภาพ
วิทยาศาสตร์การแพทย์ และสุขภาพ
นว. น494ร ฉ.1 
  Barcode: 000321
ห้องสมุดวิทยาเขตสวรรค์ประชารักษ์
►หนังสือทั่วไป
บนชั้น

รายการใกล้เคียง
    ผู้แต่ง [นายา]

BibComment


ยังไม่เคยถูกคอมเมนท์

คอมเมนท์ทรัพยากรรายการนี้
  คอมเมนท์: รักที่กลับคืน นายา


 Copyright 2026. Bcnsprnw @Library